[Event "Olympiad Women-45"]
[Site "Budapest"]
[Date "2024.09.22"]
[Round "11.4"]
[White "Abaeva, Aiana"]
[Black "Petricenco, Ana"]
[Result "1-0"]
[WhiteElo "1858"]
[BlackElo "1895"]
[PlyCount "125"]
[EventDate "2024.09.11"]
[EventType "team-swiss"]
[EventRounds "11"]
[EventCountry "HUN"]
[SourceTitle "EXT 2025"]
[Source "ChessBase"]
[SourceDate "2024.10.14"]
[SourceVersion "1"]
[SourceVersionDate "2024.10.14"]
[SourceQuality "1"]
[WhiteTeam "Kyrgyzstan (W)"]
[BlackTeam "Moldova (W)"]
[WhiteTeamCountry "KGZ"]
[BlackTeamCountry "MDA"]

1. e4 c5 2. Nf3 d6 3. d3 Nf6 4. g3 e6 5. Bg2 Be7 6. 0-0 0-0 7. Nbd2 Nc6 8. c3 Qc7 9. Re1 b6 10. d4 cxd4 11. Nxd4 Nxd4 12. cxd4 Bb7 13. Nf1 Rac8 14. Bd2 Qd7 15. f3 Rc7 16. Ne3 Rfc8 17. Bc3 Qe8 18. d5 exd5 19. exd5 Qd7 20. f4 Ne8 21. Be4 g6 22. Ng4 Rxc3 23. bxc3 Nf6 24. Nxf6+ Bxf6 25. Rc1 Bxc3 26. Re3 Bb4 27. Rxc8+ Qxc8 28. Kg2 Bc5 29. Re2 Ba6 30. Bd3 Bb7 31. Be4 Ba6 32. Rc2 Qe8 33. Qf3 Qb5 34. f5 Qd7 35. g4 Qb5 36. h4 Qb4 37. h5 g5 38. f6 Qe1 39. Bd3 Qg1+ 40. Kh3 Bxd3 41. Qxd3 Qh1+ 42. Rh2 Qe1 43. Qf3 Qh4+ 44. Kg2 Qe1 45. Rh1 Qe5 46. Kh3 h6 47. Rh2 Bd4 48. Rc2 Qxf6 49. Qxf6 Bxf6 50. Rc7 Bd4 51. Rxa7 Kg7 52. Rd7 Bc5 53. Kg3 Kf6 54. a4 Bb4 55. Kf3 Ba3 56. Ke4 Bb4 57. Kd4 Ba3 58. Kc4 Bc5 59. Kb5 Ke5 60. Rxf7 Kxd5 61. Rf6 Ke4 62. Rxh6 d5 63. a5 1-0

[Event "Olympiad Women-45"]
[Site "Budapest"]
[Date "2024.09.19"]
[Round "8.4"]
[White "Petricenco, Ana"]
[Black "Demeter, Dorina"]
[Result "1-0"]
[WhiteElo "1895"]
[BlackElo "2199"]
[PlyCount "159"]
[EventDate "2024.09.11"]
[EventType "team-swiss"]
[EventRounds "11"]
[EventCountry "HUN"]
[SourceTitle "EXT 2025"]
[Source "ChessBase"]
[SourceDate "2024.10.14"]
[SourceVersion "1"]
[SourceVersionDate "2024.10.14"]
[SourceQuality "1"]
[WhiteTeam "Moldova (W)"]
[BlackTeam "Hungary (W) II"]
[WhiteTeamCountry "MDA"]
[BlackTeamCountry "HUN"]

1. e4 e5 2. Nf3 Nc6 3. Bb5 a6 4. Ba4 d6 5. 0-0 Bd7 6. c3 g6 7. d4 Bg7 8. dxe5 Nxe5 9. Nxe5 dxe5 10. Bxd7+ Qxd7 11. Qxd7+ Kxd7 12. Be3 Nf6 13. f3 Ke6 14. Kf2 Bf8 15. Nd2 Be7 16. Ke2 h5 17. Nb3 b6 18. Rad1 a5 19. a4 h4 20. Nd2 Nh5 21. Nc4 g5 22. Kf2 Nf4 23. Rd2 Rag8 24. h3 Rd8 25. Rfd1 Nh5 26. Ke1 Ng3 27. Bf2 Nh1 28. Ke2 Nxf2 29. Kxf2 Rxd2+ 30. Rxd2 Rb8 31. Ke2 Bc5 32. Kd1 f6 33. Kc2 c6 34. Rd3 Ra8 35. Rd2 b5 36. axb5 cxb5 37. Rd5 bxc4 38. Rxc5 Kd6 39. Rxc4 a4 40. Kb1 a3 41. b3 a2+ 42. Ka1 Ra3 43. b4 Kd7 44. b5 Rb3 45. Rc5 Kd6 46. Rc6+ Kd7 47. c4 Rc3 48. Kxa2 Rc2+ 49. Kb3 Rxg2 50. Kb4 Rg3 51. Kc5 Rxf3 52. b6 Rb3 53. Rxf6 Rxh3 54. Rf7+ Ke6 55. Rf5 Rg3 56. b7 Rb3 57. Rxg5 Rxb7 58. Rh5 Rc7+ 59. Kb5 Rb7+ 60. Kc6 Rb4 61. Kc5 Rb8 62. Rh6+ Ke7 63. Kd5 Rg8 64. Rxh4 Rg5 65. Rh6 Kd7 66. Re6 Rg1 67. Rxe5 Rd1+ 68. Kc5 Re1 69. Rd5+ Ke6 70. Rd6+ Ke7 71. Rd4 Ke6 72. Kc6 Ke5 73. Rd8 Rc1 74. c5 Kxe4 75. Kb6 Ke5 76. c6 Ke6 77. c7 Rb1+ 78. Ka5 Ra1+ 79. Kb4 Rb1+ 80. Ka3 1-0

[Event "Olympiad Women-45"]
[Site "Budapest"]
[Date "2024.09.15"]
[Round "5.36"]
[White "Petricenco, Ana"]
[Black "Real Puigdollers, Silvia"]
[Result "1-0"]
[WhiteElo "1894"]
[BlackElo "1781"]
[PlyCount "45"]
[EventDate "2024.09.11"]
[EventType "team-swiss"]
[EventRounds "11"]
[EventCountry "HUN"]
[SourceTitle "EXT 2025"]
[Source "ChessBase"]
[SourceDate "2024.10.14"]
[SourceVersion "1"]
[SourceVersionDate "2024.10.14"]
[SourceQuality "1"]
[WhiteTeam "Moldova (W)"]
[BlackTeam "Andorra (W)"]
[WhiteTeamCountry "MDA"]
[BlackTeamCountry "AND"]

1. e4 d6 2. d4 Nf6 3. Nc3 e5 4. Nf3 Nbd7 5. Bc4 Be7 6. a4 0-0 7. 0-0 c6 8. Re1 b6 9. h3 Bb7 10. Ba2 Rc8 11. Be3 Qc7 12. Qe2 h6 13. Rad1 Rfe8 14. dxe5 dxe5 15. Nh4 Nf8 16. Qf3 Bd8 17. Nf5 Be7 18. Bxh6 Rcd8 19. Bxg7 Rxd1 20. Rxd1 Bc8 21. Bxf6 Bxf6 22. Qg4+ Ng6 23. Qxg6+ 1-0

[Event "Olympiad Women-45"]
[Site "Budapest"]
[Date "2024.09.14"]
[Round "4.18"]
[White "Hernandez Gil, Ineymig"]
[Black "Petricenco, Ana"]
[Result "1/2-1/2"]
[WhiteElo "2160"]
[BlackElo "1894"]
[PlyCount "94"]
[EventDate "2024.09.11"]
[EventType "team-swiss"]
[EventRounds "11"]
[EventCountry "HUN"]
[SourceTitle "EXT 2025"]
[Source "ChessBase"]
[SourceDate "2024.10.14"]
[SourceVersion "1"]
[SourceVersionDate "2024.10.14"]
[SourceQuality "1"]
[WhiteTeam "Cuba (W)"]
[BlackTeam "Moldova (W)"]
[WhiteTeamCountry "CUB"]
[BlackTeamCountry "MDA"]

1. e4 c5 2. Nf3 d6 3. Bb5+ Nd7 4. a4 Ngf6 5. Nc3 a6 6. Be2 b6 7. d4 cxd4 8. Nxd4 Bb7 9. 0-0 e6 10. f3 Be7 11. Kh1 0-0 12. Nb3 d5 13. exd5 Nxd5 14. Nxd5 Bxd5 15. c4 Bb7 16. Be3 a5 17. Nd4 Bc5 18. Qc1 Qe7 19. Rd1 Rfd8 20. b3 Rac8 21. Ra2 e5 22. Nf5 Qe6 23. Bxc5 Qxf5 24. Be7 Re8 25. Qg5 Qxg5 26. Bxg5 Nc5 27. Be3 Rcd8 28. Rad2 Rxd2 29. Rxd2 Nxb3 30. Rd6 Nd4 31. Bd3 Bc6 32. Kg1 Bxa4 33. Rxb6 Bc2 34. Bf1 h6 35. Rb2 Bg6 36. Rb7 a4 37. Ra7 Bc2 38. f4 Nf5 39. Bb6 e4 40. g4 Nh4 41. c5 e3 42. Be2 Be4 43. Rxa4 Bf3 44. Kf1 Bg2+ 45. Kg1 Bf3 46. Kf1 Bg2+ 47. Kg1 Bf3 1/2-1/2

[Event "MDA-ch (Women)"]
[Site "Kishinev"]
[Date "2024.02.07"]
[Round "5"]
[White "Bargan, Victoria"]
[Black "Petricenco, Ana"]
[Result "1/2-1/2"]
[WhiteElo "1813"]
[BlackElo "2032"]
[PlyCount "118"]
[EventDate "2024.02.03"]
[EventType "swiss"]
[EventRounds "7"]
[EventCountry "MDA"]
[SourceTitle "CBM 218 Extra"]
[Source "ChessBase"]
[SourceDate "2024.03.31"]
[SourceVersion "1"]
[SourceVersionDate "2024.03.31"]
[SourceQuality "1"]

1. d4 Nf6 2. c4 e6 3. Nc3 Bb4 4. Qb3 Nc6 5. Nf3 Ne4 6. e3 Bxc3+ 7. bxc3 Na5 8. Qc2 f5 9. Ba3 b6 10. Bb4 Bb7 11. Bd3 Ng5 12. d5 Nxf3+ 13. gxf3 Qf6 14. Rb1 Ba6 15. dxe6 dxe6 16. Bxa5 bxa5 17. Qa4+ Kf7 18. Qxa5 Rhd8 19. Be2 e5 20. Qxc7+ Kg8 21. 0-0 f4 22. Kh1 Rdc8 23. Qd7 Rd8 24. Qc7 fxe3 25. fxe3 Rac8 26. Qxa7 Ra8 27. Qb6 Rd6 28. Qc7 Rc8 29. Rb8 Rc6 30. Rxc8+ Bxc8 31. Qb8 Kf7 32. Rd1 h6 33. c5 Rxc5 34. Qa7+ Qe7 35. Qxe7+ Kxe7 36. c4 Ra5 37. Rd2 Ra3 38. e4 Rc3 39. Kg2 Ba6 40. Kf2 Bxc4 41. Bxc4 Rxc4 42. Kg3 Ra4 43. Kg4 g6 44. h4 Ra3 45. Rf2 Kf6 46. h5 gxh5+ 47. Kxh5 Ra8 48. Rb2 Ra3 49. Kxh6 Rxf3 50. Rb6+ Ke7 51. Kg5 Ra3 52. Kf5 Rxa2 53. Kxe5 Ra5+ 54. Kf4 Ra4 55. Kf5 Ra5+ 56. e5 Ra2 57. Rb7+ Kf8 58. Kf6 Rf2+ 59. Ke6 Ra2 1/2-1/2

[Event "MDA-ch (Women)"]
[Site "Kishinev"]
[Date "2024.02.03"]
[Round "1"]
[White "Cazacu, Raluca Cristiana"]
[Black "Petricenco, Ana"]
[Result "0-1"]
[WhiteElo "1486"]
[BlackElo "2032"]
[PlyCount "74"]
[EventDate "2024.02.03"]
[EventType "swiss"]
[EventRounds "7"]
[EventCountry "MDA"]
[SourceTitle "CBM 218 Extra"]
[Source "ChessBase"]
[SourceDate "2024.03.31"]
[SourceVersion "1"]
[SourceVersionDate "2024.03.31"]
[SourceQuality "1"]

1. e4 c5 2. Nf3 Nc6 3. d4 cxd4 4. Nxd4 Qb6 5. Nb3 e6 6. Nc3 a6 7. Bd3 Qc7 8. 0-0 b5 9. a3 Bb7 10. Be3 Nf6 11. f4 b4 12. Na4 d5 13. e5 Nd7 14. Qg4 g6 15. Bf2 h5 16. Qg3 Be7 17. Bxg6 Rg8 18. Bxf7+ Kxf7 19. Qh3 Rg7 20. Qxh5+ Kg8 21. Qh6 Nf8 22. Qh3 bxa3 23. bxa3 d4 24. Bg3 Na5 25. Rfd1 Nxb3 26. cxb3 Bd5 27. b4 Bb3 28. Rdc1 Qa7 29. Nb2 Qb7 30. Nd3 Bd5 31. Rc2 Be4 32. Be1 Bf5 33. Qh5 Bg4 34. Qh6 Rg6 35. Nc5 Bxc5 36. Qh4 Qb6 37. Kf1 d3 0-1

[Event "Wch U18 Girls"]
[Site "Montesilvano"]
[Date "2023.11.24"]
[Round "11"]
[White "Petricenco, Ana"]
[Black "Starosta, Martyna"]
[Result "1/2-1/2"]
[WhiteElo "1902"]
[BlackElo "2208"]
[PlyCount "64"]
[EventDate "2023.11.13"]
[EventType "swiss"]
[EventRounds "11"]
[EventCountry "ITA"]
[SourceTitle "CBM 217 Extra"]
[Source "ChessBase"]
[SourceDate "2024.01.31"]
[SourceVersion "1"]
[SourceVersionDate "2024.01.31"]
[SourceQuality "1"]

1. e4 c6 2. d4 d5 3. e5 c5 4. c3 Nc6 5. Be2 Bf5 6. Nf3 e6 7. 0-0 Nge7 8. Nbd2 cxd4 9. cxd4 Qb6 10. Nb3 a5 11. Nc5 Bg6 12. Na4 Qa7 13. Be3 Nf5 14. Rc1 Be7 15. Bb5 Rc8 16. h3 0-0 17. a3 Rc7 18. Qd2 Rfc8 19. Rc3 b6 20. Rfc1 Nb8 21. Bg5 h6 22. Bxe7 Nxe7 23. Ne1 Qb7 24. Nd3 Rxc3 25. Rxc3 Rxc3 26. Qxc3 Bxd3 27. Qxd3 Qc7 28. Qc3 Qxc3 29. bxc3 Nc8 30. Kf1 Na7 31. Bd3 b5 32. Nc5 Nbc6 1/2-1/2

[Event "Wch U18 Girls"]
[Site "Montesilvano"]
[Date "2023.11.23"]
[Round "10"]
[White "Kurmangaliyeva, Liya"]
[Black "Petricenco, Ana"]
[Result "1/2-1/2"]
[WhiteElo "2236"]
[BlackElo "1902"]
[PlyCount "57"]
[EventDate "2023.11.13"]
[EventType "swiss"]
[EventRounds "11"]
[EventCountry "ITA"]
[SourceTitle "CBM 217 Extra"]
[Source "ChessBase"]
[SourceDate "2024.01.31"]
[SourceVersion "1"]
[SourceVersionDate "2024.01.31"]
[SourceQuality "1"]

1. e4 c5 2. Nf3 Nc6 3. d4 cxd4 4. Nxd4 Qb6 5. Nb3 Nf6 6. Nc3 e6 7. a3 Qc7 8. f4 d6 9. Qe2 Be7 10. Be3 a6 11. g4 0-0 12. g5 Nd7 13. Rg1 g6 14. f5 Rd8 15. Qf2 b6 16. 0-0-0 Nc5 17. Nd4 Bb7 18. fxe6 fxe6 19. Nxe6 Nxe6 20. Nd5 Rf8 21. Nxc7 Rxf2 22. Bc4 Rf3 23. Bxe6+ Kh8 24. Nxa8 Rxe3 25. Nxb6 Rxe4 26. Bc8 Bxc8 27. Nxc8 Re6 28. Nxe7 Nxe7 29. Rge1 1/2-1/2

[Event "EU-chT U18 Girls"]
[Site "Iasi"]
[Date "2023.07.25"]
[Round "2.1"]
[White "Petricenco, Ana"]
[Black "Cornileau, Juliette"]
[Result "1-0"]
[WhiteElo "1894"]
[BlackElo "2034"]
[PlyCount "81"]
[EventDate "2023.07.24"]
[EventType "team-swiss"]
[EventRounds "7"]
[EventCountry "ROU"]
[SourceTitle "CBM 215 Extra"]
[Source "ChessBase"]
[SourceDate "2023.09.30"]
[SourceVersion "1"]
[SourceVersionDate "2023.09.30"]
[SourceQuality "1"]
[WhiteTeam "Moldova U18 Girls"]
[BlackTeam "France Paca U18 Girls"]
[WhiteTeamCountry "MDA"]
[BlackTeamCountry "FRA"]

1. e4 c5 2. Nf3 Nc6 3. Bb5 g6 4. Bxc6 dxc6 5. d3 Bg7 6. h3 Nf6 7. 0-0 0-0 8. a4 a5 9. Na3 b6 10. Be3 Re8 11. Qc1 e5 12. Nc4 Qc7 13. b4 Ba6 14. bxc5 Bxc4 15. cxb6 Qb7 16. dxc4 Nxe4 17. Nd2 Nxd2 18. Qxd2 f5 19. Rad1 Bf8 20. f3 Qa6 21. Qd3 e4 22. Qb3 c5 23. Bf4 Qb7 24. Rd5 exf3 25. Rxf3 Re6 26. Bc7 Bg7 27. Rfd3 Bd4+ 28. R3xd4 cxd4 29. c5 Rae8 30. Rd6 Kf7 31. c6 Qc8 32. b7 Qxc7 33. Rd7+ Qxd7 34. cxd7 Rb8 35. d8Q Rxd8 36. b8Q Rxb8 37. Qxb8 Re1+ 38. Kh2 Re7 39. Qb6 f4 40. Qxd4 g5 41. c4 1-0

[Event "EU-chT U18 Girls"]
[Site "Iasi"]
[Date "2023.07.24"]
[Round "1.1"]
[White "Trifoi, Mihaela Ioana"]
[Black "Petricenco, Ana"]
[Result "1/2-1/2"]
[WhiteElo "1963"]
[BlackElo "1894"]
[PlyCount "60"]
[EventDate "2023.07.24"]
[EventType "team-swiss"]
[EventRounds "7"]
[EventCountry "ROU"]
[SourceTitle "CBM 215 Extra"]
[Source "ChessBase"]
[SourceDate "2023.09.30"]
[SourceVersion "1"]
[SourceVersionDate "2023.09.30"]
[SourceQuality "1"]
[WhiteTeam "Romania U18 Girls"]
[BlackTeam "Moldova U18 Girls"]
[WhiteTeamCountry "ROU"]
[BlackTeamCountry "MDA"]

1. e4 c6 2. d4 d5 3. exd5 cxd5 4. Bd3 Nc6 5. c3 Nf6 6. Bf4 Bg4 7. Qb3 Na5 8. Qa4+ Bd7 9. Qc2 g6 10. Nd2 Bg7 11. Ngf3 0-0 12. 0-0 Rc8 13. Ne5 Nh5 14. Be3 Nc6 15. Nxc6 Bxc6 16. g4 Nf6 17. h3 h5 18. g5 Nd7 19. f4 e6 20. Nf3 Nb6 21. Rae1 Nc4 22. Bc1 Nd6 23. Qe2 Nf5 24. Bxf5 exf5 25. Ne5 Bxe5 26. fxe5 Re8 27. Qe3 b5 28. a3 a5 29. Bd2 a4 30. Rf2 Bd7 1/2-1/2

[Event "MDA-ch (Women)"]
[Site "Kishinev"]
[Date "2023.02.12"]
[Round "9"]
[White "Mihailova, Alina"]
[Black "Petricenco, Ana"]
[Result "1-0"]
[WhiteElo "1969"]
[BlackElo "1832"]
[PlyCount "85"]
[EventDate "2023.02.04"]
[EventType "match"]
[EventRounds "9"]
[EventCountry "MDA"]
[SourceTitle "CBM 212 Extra"]
[Source "ChessBase"]
[SourceDate "2023.03.31"]
[SourceVersion "1"]
[SourceVersionDate "2023.03.31"]
[SourceQuality "1"]

1. d4 d5 2. c4 c6 3. Nf3 Nf6 4. e3 Bf5 5. Nc3 e6 6. Nh4 Bg6 7. Nxg6 hxg6 8. Bd2 Bd6 9. Qc2 Nbd7 10. cxd5 exd5 11. Bd3 0-0 12. f3 Re8 13. 0-0-0 c5 14. Kb1 c4 15. Be2 Bb4 16. h4 Bxc3 17. Qxc3 b5 18. g4 a5 19. h5 b4 20. Qc2 Qb6 21. hxg6 b3 22. gxf7+ Kxf7 23. Qc3 bxa2+ 24. Kxa2 Reb8 25. g5 Ne8 26. e4 a4 27. g6+ Kg8 28. Bxc4 Ndf6 29. e5 Rc8 30. Qa3 Nd6 31. exf6 dxc4 32. Bb4 gxf6 33. Bxd6 Qb3+ 34. Qxb3 axb3+ 35. Kb1 c3 36. bxc3 Rxc3 37. Rh2 Rxf3 38. Rg1 Ra7 39. Bf8 Ra2 40. Bd6 Ra7 41. Re2 Rd3 42. Re8+ Kg7 43. Bf8+ 1-0

[Event "EU-ch U16 Girls 30th"]
[Site "Antalya"]
[Date "2022.11.13"]
[Round "8"]
[White "Mihelic, Vesna"]
[Black "Petricenco, Ana"]
[Result "1-0"]
[WhiteElo "2057"]
[BlackElo "1915"]
[PlyCount "132"]
[EventDate "2022.11.06"]
[EventType "swiss"]
[EventRounds "9"]
[EventCountry "TUR"]
[SourceTitle "CBM 211 Extra"]
[Source "ChessBase"]
[SourceDate "2023.01.31"]
[SourceVersion "1"]
[SourceVersionDate "2023.01.31"]
[SourceQuality "1"]

1. e4 c6 2. d4 d5 3. exd5 cxd5 4. Bd3 Nc6 5. c3 Nf6 6. h3 e6 7. Bf4 Bd6 8. Bxd6 Qxd6 9. Nf3 0-0 10. 0-0 a6 11. Re1 b5 12. Nbd2 b4 13. Rc1 bxc3 14. Rxc3 Bd7 15. Nb3 Rfc8 16. Ne5 Nb4 17. Bb1 Ba4 18. Qf3 Bxb3 19. axb3 Rc7 20. Rec1 Rac8 21. g4 h6 22. h4 Qe7 23. g5 hxg5 24. hxg5 Ne4 25. Rxc7 Rxc7 26. Rxc7 Qxc7 27. Bxe4 dxe4 28. Qxe4 Qc1+ 29. Kh2 Qxg5 30. Qa8+ Kh7 31. Qh8+ Kxh8 32. Nxf7+ Kg8 33. Nxg5 Nd3 34. Nxe6 Nxf2 35. Nc5 Nd1 36. Kg3 Kf7 37. Kf3 Nxb2 38. Ke2 g5 39. Kd2 g4 40. Ne4 Ke6 41. Nc3 g3 42. Kc2 g2 43. Ne2 Kd5 44. Kxb2 Ke4 45. Kc2 a5 46. Kd2 g1Q 47. Nxg1 Kxd4 48. Ne2+ Kc5 49. Kc3 Kb5 50. Nc1 Kc5 51. Kb2 Kb5 52. Ka3 Ka6 53. Ka4 Kb6 54. Nd3 Ka6 55. Nb2 Kb6 56. Nc4+ Ka6 57. Nxa5 Kb6 58. b4 Ka6 59. Nc4 Ka7 60. Ka5 Kb7 61. b5 Ka7 62. b6+ Kb7 63. Kb5 Kb8 64. Ka6 Ka8 65. Na5 Kb8 66. Nc6+ Ka8 1-0

[Event "EU-ch U16 Girls 30th"]
[Site "Antalya"]
[Date "2022.11.12"]
[Round "7"]
[White "Petricenco, Ana"]
[Black "Aydin, Gulenay"]
[Result "1/2-1/2"]
[WhiteElo "1915"]
[BlackElo "2086"]
[PlyCount "68"]
[EventDate "2022.11.06"]
[EventType "swiss"]
[EventRounds "9"]
[EventCountry "TUR"]
[SourceTitle "CBM 211 Extra"]
[Source "ChessBase"]
[SourceDate "2023.01.31"]
[SourceVersion "1"]
[SourceVersionDate "2023.01.31"]
[SourceQuality "1"]

1. e4 c5 2. Nf3 e6 3. d3 Nc6 4. g3 g6 5. Bg2 Bg7 6. 0-0 Nge7 7. Re1 d6 8. c3 e5 9. a4 0-0 10. Na3 h6 11. Nd2 a6 12. Nc2 Rb8 13. b4 cxb4 14. cxb4 b5 15. axb5 axb5 16. Bb2 Be6 17. Qe2 Qd7 18. Ra3 Rfc8 19. Nf3 Ra8 20. Rea1 Rxa3 21. Rxa3 Bg4 22. Qe1 Re8 23. Ne3 Be6 24. Bc3 d5 25. exd5 Nxd5 26. Nxd5 Bxd5 27. Qa1 Nxb4 28. Bxb4 Bxf3 29. Bxf3 e4 30. Qd1 exf3 31. Qxf3 Bd4 32. Ra8 Rxa8 33. Qxa8+ Kh7 34. Qe4 Kg7 1/2-1/2

[Event "Olympiad Women-44"]
[Site "Chennai"]
[Date "2022.07.31"]
[Round "3.4"]
[White "Petricenco, Ana"]
[Black "Mudodo, Refiloe Hazel"]
[Result "1-0"]
[WhiteElo "1912"]
[BlackElo "1604"]
[PlyCount "51"]
[EventDate "2022.07.29"]
[EventType "team-swiss"]
[EventRounds "11"]
[EventCountry "IND"]
[SourceTitle "CBM 210"]
[Source "ChessBase"]
[SourceDate "2022.10.31"]
[SourceVersion "1"]
[SourceVersionDate "2022.10.31"]
[SourceQuality "1"]
[WhiteTeam "Moldova (W)"]
[BlackTeam "Zimbabwe (W)"]
[WhiteTeamCountry "MDA"]
[BlackTeamCountry "ZIM"]

1. e4 e6 2. d3 d5 3. Nd2 Nf6 4. Ngf3 dxe4 5. dxe4 b6 6. c3 Bb7 7. Qc2 Nc6 8. Be2 a5 9. a4 Be7 10. 0-0 0-0 11. Rd1 Bc5 12. Nb3 Qe7 13. Bg5 e5 14. Nxc5 Qxc5 15. Bxf6 gxf6 16. Qd2 Kg7 17. Nh4 Ne7 18. Qd3 Kh8 19. Qf3 Kg7 20. Rd7 Rad8 21. b4 axb4 22. cxb4 Qxb4 23. Rxe7 Qc5 24. Nf5+ Kh8 25. Qg4 Rg8 26. Qh4 1-0

[Event "MDA-ch (Women)"]
[Site "Kishinev"]
[Date "2022.02.21"]
[Round "3"]
[White "Petricenco, Ana"]
[Black "Bargan, Victoria"]
[Result "1/2-1/2"]
[WhiteElo "1915"]
[BlackElo "1706"]
[PlyCount "47"]
[EventDate "2022.02.19"]
[EventType "swiss"]
[EventRounds "7"]
[EventCountry "MDA"]
[SourceTitle "CBM 207 Extra"]
[Source "ChessBase"]
[SourceDate "2022.05.31"]
[SourceVersion "1"]
[SourceVersionDate "2022.05.31"]
[SourceQuality "1"]

1. e4 c6 2. d3 d5 3. Nd2 g6 4. Ngf3 Bg7 5. g3 Nh6 6. Bg2 0-0 7. 0-0 e5 8. Re1 f6 9. a4 Re8 10. c3 Be6 11. Qc2 Nf7 12. b3 Na6 13. Bb2 Qc7 14. h4 Rad8 15. Bf1 c5 16. Rac1 Rc8 17. Qd1 dxe4 18. dxe4 Red8 19. Qc2 Nd6 20. Nc4 Rd7 21. Ne3 Bh6 22. Rcd1 Bxe3 23. Rxe3 Rcd8 24. Rde1 1/2-1/2